QCM culture générale animaux #2 - Statistiques

Statistiques générales
  • Ce quiz a été pris 44 fois
    33 depuis la dernière actualisation
  • Le résultat moyen est 7 sur 15
Statistiques - réponses
Question Réponse % Correct
Quel est le nom du petit de la biche et du cerf? Le faon
90%
Lequel de ces animaux n’a pas d’écailles apparentes? L’anguille
67%
Quel animal “glapit” ? Le renard
63%
Comment s’écrit le nom de cet animal ? Ornithorynque
60%
Lequel de ces animaux a une vision en lumière ultraviolette ? L’abeille
57%
Lequel de ces oiseaux est capable de dormir en volant ? Information culture: cet oiseau peut rester des mois et même des années dans les airs sans poser pied à terre. L’albatros
57%
Lequel de ces félins est incapable de rugir ? Le guépard
57%
Lequel de ces animaux peut survivre dans le vide de l’espace pendant un certain temps ? Le tardigrade
57%
Lequel de ces animaux a le cerveau le plus lourd du monde? Le cachalot
50%
Lequel de ces serpents n’existe pas? Le python à tête blanche
50%
Lequel de ces animaux peut voir les couleurs? Le chat
37%
Lequel de ces animaux possède le venin le plus puissant (en termes de toxicité) ? La méduse-boîte
30%
Lequel de ces animaux a du sang bleu (à cause de l’hémocyanine) ? La seiche
27%
Lequel de ces singes possède la plus longue queue? L’atèle
20%
Lequel de ces animaux possède le plus grand nombre de cœurs ? Le ver de terre
0%
Aucun quiz correspondant
Distribution des résultats
% des personnes avec chaque résultat
Percentile par nombre de réponses
Votre historique - résultats
Vous n’avez pas pris ce quiz depuis la dernière actualisation